000 00288nam a22001337a 4500
008 170816b xxu||||| |||| 00| 0 eng d
020 _a002439957
041 _aeng
080 _a5 ED
100 _a36
101 _aMAT
245 _aFINITE MATHEMATICS
_cBARNET.R.A
942 _2udc
_cBK
999 _c23799
_d23799